Consultation on right to manage company articles (Record no. 109784)
[ view plain ]
| 000 -LEADER | |
|---|---|
| fixed length control field | 01736cad a22002775a 4500 |
| 001 - CONTROL NUMBER | |
| control field | L147913 |
| 008 - FIXED-LENGTH DATA ELEMENTS--GENERAL INFORMATION | |
| fixed length control field | 090701s2009 xxk f 000 0 eng d |
| 020 ## - INTERNATIONAL STANDARD BOOK NUMBER | |
| International Standard Book Number | 9781409815853 |
| 035 ## - SYSTEM CONTROL NUMBER | |
| System control number | (Sirsi) u147913 |
| 041 0# - LANGUAGE CODE | |
| Language code of text/sound track or separate title | eng |
| 050 04 - LIBRARY OF CONGRESS CALL NUMBER | |
| Classification number | 346.4104343 $2 18 |
| 110 2# - MAIN ENTRY--CORPORATE NAME | |
| Corporate name or jurisdiction name as entry element | United Kingdom |
| Subordinate unit | Department for Communities and Local Government |
| 9 (RLIN) | 4939 |
| 245 00 - TITLE STATEMENT | |
| Title | Consultation on right to manage company articles |
| Medium | [electronic resource] |
| 260 ## - PUBLICATION, DISTRIBUTION, ETC. | |
| Place of publication, distribution, etc. | London |
| Name of publisher, distributor, etc. | DCLG |
| Date of publication, distribution, etc. | 2009 |
| 505 2# - FORMATTED CONTENTS NOTE | |
| Formatted contents note | Summary of consultation -- Introduction -- The 2006 Companies Act amendments -- Further amendment to RTM company articles -- Annex A: list of questions -- Annex B: current prescribed memorandum and articles of association for RTM companies -- Annex C: model articles for Private Companies Limited by Guarantee under 2006 Companies Act -- Annex D: proposed new draft articles for RTM companies -- Annex E: consultation process |
| 520 ## - SUMMARY, ETC. | |
| Summary, etc. | Sets out a proposal to provide new prescribed articles for right to manage companies under the Commonhold and Leasehold Reform Act 2002. The changes proposed are necessary to update the constitutional documents of right to manage companies to reflect the modifications made by the Companies Act 2006. Proposals also seek to make a small amendment to the existing voting provisions. |
| 520 ## - SUMMARY, ETC. | |
| Summary, etc. | Deadline for comments is 16 August 2009. |
| 521 ## - TARGET AUDIENCE NOTE | |
| Target audience note | Advanced |
| 590 ## - LOCAL NOTE (RLIN) | |
| Local note | KA NTK |
| 650 24 - SUBJECT ADDED ENTRY--TOPICAL TERM | |
| Topical term or geographic name entry element | COMPANIES ACT 2006 |
| 650 24 - SUBJECT ADDED ENTRY--TOPICAL TERM | |
| Topical term or geographic name entry element | COMMONHOLD AND LEASEHOLD REFORM ACT 2002 |
| 651 #4 - SUBJECT ADDED ENTRY--GEOGRAPHIC NAME | |
| Geographic name | England |
| Chronological subdivision | 886- |
| 690 ## - LOCAL SUBJECT ADDED ENTRY--TOPICAL TERM (OCLC, RLIN) | |
| Topical term or geographic name as entry element | Landlord and tenant |
| 9 (RLIN) | 6252 |
| 856 40 - ELECTRONIC LOCATION AND ACCESS | |
| Uniform Resource Identifier | <a href="https://www.communities.gov.uk/publications/housing/rtmcompanyarticles">https://www.communities.gov.uk/publications/housing/rtmcompanyarticles</a> |
| Public note | View the consultation free of charge at www.communities.gov.uk... |
| 942 ## - ADDED ENTRY ELEMENTS (KOHA) | |
| Suppress in OPAC | 0 |
| Withdrawn status | Lost status | Source of classification or shelving scheme | Damaged status | Not for loan | Home library | Current library | Shelving location | Date acquired | Total Checkouts | Full call number | Barcode | Date last seen | Copy number | Price effective from | Koha item type |
|---|---|---|---|---|---|---|---|---|---|---|---|---|---|---|---|
| Dewey Decimal Classification | Virtual | Virtual | Online | 01/07/2009 | ONLINE PUBLICATION | 147913-2001 | 06/08/2019 | 1 | 06/08/2019 | Book |